Central Library OPAC University of Rajshahi

Judicial Control of Administrative Action in India, Pakistan and Bangladesh : (Record no. 5271)

MARC details
000 -LEADER
fixed length control field 00994cam a2200277 a 4500
001 - CONTROL NUMBER
control field 5271
003 - CONTROL NUMBER IDENTIFIER
rucl marc code BD-RjUL
005 - DATE AND TIME OF LATEST TRANSACTION
control field 20211208234035.0
008 - FIXED-LENGTH DATA ELEMENTS--GENERAL INFORMATION
fixed length control field 131224r20012000ii bl 001 0 eng d
020 ## - INTERNATIONAL STANDARD BOOK NUMBER
International Standard Book Number 8187162260
035 ## - SYSTEM CONTROL NUMBER
System control number (BD-RjUL)5307
040 ## - CATALOGING SOURCE
Original cataloging agency DLC
Transcribing agency DLC
Modifying agency DLC
-- BD-RjUL
Language of cataloging eng
041 ## - LANGUAGE CODE
Language code of text/sound track or separate title eng
082 ## - DEWEY DECIMAL CLASSIFICATION NUMBER
Author mark and year FAJ 2001
Classification number 351.94
Edition number 23
100 1# - MAIN ENTRY--PERSONAL NAME
Personal name Fazal, M. A.
9 (RLIN) 16559
245 10 - TITLE STATEMENT
Title Judicial Control of Administrative Action in India, Pakistan and Bangladesh :
Remainder of title a comparative study /
Statement of responsibility, etc. by M.A. Fazal.
250 ## - EDITION STATEMENT
Edition statement 3rd ed. , Indian Reprint ed.
260 ## - PUBLICATION, DISTRIBUTION, ETC. (IMPRINT)
Place of publication, distribution, etc. New Delhi :
Name of publisher, distributor, etc. Butterworths India ;
Date of publication, distribution, etc. c2000 [Reprint 2001]
300 ## - PHYSICAL DESCRIPTION
Pagination lxiv, 751 p. ;
Size 24 cm.
504 ## - BIBLIOGRAPHY, ETC. NOTE
Bibliography, etc Includes bibliographical references and index.
650 #0 - SUBJECT ADDED ENTRY--TOPICAL TERM
Topical term or geographic name as entry element Judicial review of administrative acts
Geographic subdivision India.
9 (RLIN) 16560
Topical term or geographic name as entry element Judicial review of administrative acts
Geographic subdivision Pakistan.
9 (RLIN) 14400
Topical term or geographic name as entry element Judicial review of administrative acts
Geographic subdivision Bangladesh.
9 (RLIN) 16570
942 ## - ADDED ENTRY ELEMENTS (KOHA)
Source of classification or shelving scheme Dewey Decimal Classification
Koha item type Books
Holdings
Lost status Source of classification or shelving scheme Damaged status Not for loan Collection code Permanent Location Current Location Shelving location Date acquired Source of acquisition Cost, normal purchase price Total Checkouts Full call number Date last seen Copy number Koha item type
  Dewey Decimal Classification     Non-fiction Central Library, University of Rajshahi Central Library, University of Rajshahi   24/07/2003 Dhaka asian foundation 231.00   351.94 FAJ 2001 24/12/2013 C-4 Books
  Dewey Decimal Classification   Not For Loan Non-fiction Central Library, University of Rajshahi Central Library, University of Rajshahi   24/07/2003 Dhaka,Ankur Prakashani 231.00   351.94 FAJ 2001 20/01/2014 C-9 Books
  Dewey Decimal Classification     Non-fiction Central Library, University of Rajshahi Central Library, University of Rajshahi   24/07/2003 Dhaka,Ankur Prakashani 321.00   351.94 FAJ 2001 03/08/2016 C-2 Books
  Dewey Decimal Classification     Non-fiction Central Library, University of Rajshahi Central Library, University of Rajshahi   24/07/2003 Dhaka,Ankur Prakashani 321.00   351.94 FAJ 2001 03/08/2016 C-3 Books
  Dewey Decimal Classification     Non-fiction Central Library, University of Rajshahi Central Library, University of Rajshahi   24/07/2003 Dhaka,Ankur Prakashani 321.00   351.94 FAJ 2001 03/08/2016 C-5 Books
  Dewey Decimal Classification     Non-fiction Central Library, University of Rajshahi Central Library, University of Rajshahi   24/07/2003 Dhaka,Ankur Prakashani 321.00   351.94 FAJ 2001 03/08/2016 C-6 Books
  Dewey Decimal Classification     Non-fiction Central Library, University of Rajshahi Central Library, University of Rajshahi   24/07/2003 Dhaka,Ankur Prakashani 321.00   351.94 FAJ 2001 03/08/2016 C-7 Books
  Dewey Decimal Classification     Non-fiction Central Library, University of Rajshahi Central Library, University of Rajshahi   24/07/2003 Dhaka,Ankur Prakashani 321.00   351.94 FAJ 2001 03/08/2016 C-8 Books
  Dewey Decimal Classification     Non-fiction Central Library, University of Rajshahi Central Library, University of Rajshahi   24/07/2003 Dhaka,Ankur Prakashani 321.00   351.94 FAJ 2001 03/08/2016 C-10 Books
  Dewey Decimal Classification   Not For Loan Non-fiction Central Library, University of Rajshahi Central Library, University of Rajshahi   24/07/2003 Dhaka,Ankur Prakashani 321.00   351.94 FAJ 2001 03/08/2016 C-1 Books
  Dewey Decimal Classification     Non-fiction Central Library, University of Rajshahi Central Library, University of Rajshahi   24/07/2003 Ankur prakashani, Dhaka 231.00   351.94 FAJ 2001 01/10/2019 C-11 Books
  Dewey Decimal Classification     Non-fiction Central Library, University of Rajshahi Central Library, University of Rajshahi   24/07/2003 Ankur prakashani, Dhaka 231.00   351.94 FAJ 2001 01/10/2019 C-12 Books